000 00592cam a22002171 4500
001 ca 36001364
003 DLC
005 20260227111143.0
008 891031s1931 ilu 000 0 eng
010 _aca 36001364
035 _a(OCoLC)20574194
040 _aDLC
_cRPB
_dDLC
042 _apremarc
050 0 0 _aPN4305.M6
_bM356
082 _a815.5
100 1 _aMcWhorter, Fred.
245 1 2 _aA ragged boy's Christmas,
_ba reading,
_cby Fred McWhorter.
260 _aChicago,
_bT.S. Denison & Company
_c[c1931]
300 _a12 p.
_c18 cm.
490 0 _aDenison's monologues and readings
999 _c18262
_d18262